<?xml version="1.0" encoding="UTF-8"?>
<record
    xmlns:xsi="http://www.w3.org/2001/XMLSchema-instance"
    xsi:schemaLocation="http://www.loc.gov/MARC21/slim http://www.loc.gov/standards/marcxml/schema/MARC21slim.xsd"
    xmlns="http://www.loc.gov/MARC21/slim">

  <leader>00536nam a22001337a 4500</leader>
  <controlfield tag="008">230807b        |||||||| |||| 00| 0 eng d</controlfield>
  <datafield tag="040" ind1=" " ind2=" ">
    <subfield code="a">National Science Library</subfield>
    <subfield code="c">National Science Library</subfield>
  </datafield>
  <datafield tag="080" ind1=" " ind2=" ">
    <subfield code="a">669.05(082.2)</subfield>
    <subfield code="b">K8</subfield>
  </datafield>
  <datafield tag="245" ind1=" " ind2=" ">
    <subfield code="a">Advances in extractive metallurgy</subfield>
    <subfield code="c">/ Proceedings of s Symposium Organised by the Institution of Mining and Metallurgy..................17 to 20 April, 1967</subfield>
  </datafield>
  <datafield tag="260" ind1=" " ind2=" ">
    <subfield code="a">London: </subfield>
    <subfield code="b">The Institution of Mining and Metallurgy, </subfield>
    <subfield code="c">1968</subfield>
  </datafield>
  <datafield tag="300" ind1=" " ind2=" ">
    <subfield code="a">xiv, 1023p.</subfield>
  </datafield>
  <datafield tag="650" ind1=" " ind2=" ">
    <subfield code="a">Proceedings</subfield>
  </datafield>
  <datafield tag="942" ind1=" " ind2=" ">
    <subfield code="2">udc</subfield>
    <subfield code="c">PR</subfield>
  </datafield>
  <datafield tag="999" ind1=" " ind2=" ">
    <subfield code="c">57912</subfield>
    <subfield code="d">57912</subfield>
  </datafield>
  <datafield tag="952" ind1=" " ind2=" ">
    <subfield code="0">0</subfield>
    <subfield code="1">0</subfield>
    <subfield code="2">udc</subfield>
    <subfield code="4">0</subfield>
    <subfield code="6">669050822_K8</subfield>
    <subfield code="7">0</subfield>
    <subfield code="9">109094</subfield>
    <subfield code="a">NSL</subfield>
    <subfield code="b">NSL</subfield>
    <subfield code="c">FF/Rk-2/C-13/R-1</subfield>
    <subfield code="d">1969-02-10</subfield>
    <subfield code="l">0</subfield>
    <subfield code="o">669.05(082.2) K8</subfield>
    <subfield code="p">26321</subfield>
    <subfield code="r">2023-08-07 00:00:00</subfield>
    <subfield code="w">1969-02-10</subfield>
    <subfield code="y">PR</subfield>
  </datafield>
</record>
